logo

Bir Sreshtho Munshi Abdur Rouf Library
Jhenaidah Cadet College

The Great housing experiment / (Record no. 8162)

MARC details
000 -LEADER
fixed length control field 00998cam a2200301 a 4500
001 - CONTROL NUMBER
JCCL Control Number 8162
003 - CONTROL NUMBER IDENTIFIER
JCCL marc code BD-JhCC
005 - DATE AND TIME OF LATEST TRANSACTION
control field 20180728124825.0
008 - FIXED-LENGTH DATA ELEMENTS--GENERAL INFORMATION
fixed length control field 830121s1983 caua b 000 0 eng
020 ## - INTERNATIONAL STANDARD BOOK NUMBER
International Standard Book Number 0803919913
035 ## - SYSTEM CONTROL NUMBER
system control number (BD-JhCC)8162
040 ## - CATALOGING SOURCE
Original cataloging agency DLC
Transcribing agency DLC
Modifying agency DLC
-- OCoLC
-- DLC
-- BD-JhCC
041 ## - LANGUAGE CODE
Language code of Book eng
050 00 - LIBRARY OF CONGRESS CALL NUMBER
Classification number HT108
Item number .U7 vol. 24
Classification number HD7293
082 00 - DEWEY DECIMAL CLASSIFICATION NUMBER
Classification number 307.7/6
DDC Edition number 19
Author mark and Year GRE 1983
245 04 - TITLE STATEMENT
Title The Great housing experiment /
Statement of responsibility, etc edited by Joseph Friedman and Daniel H. Weinberg.
260 ## - PUBLICATION, DISTRIBUTION, ETC. (IMPRINT)
Place of publication, distribution, etc Beverly Hills :
Name of publisher, distributor, etc Sage Publications,
Date of publication, distribution, etc c1983.
300 ## - PHYSICAL DESCRIPTION
Pagination 287 p. :
Other physical details ill. ;
Dimensions 23 cm.
440 #0 -
Title Urban affairs annual reviews ;
Volume number/sequential designation v. 24
504 ## - BIBLIOGRAPHY, ETC. NOTE
Bibliography, etc Bibliography: p. 277-284.
650 #0 - SUBJECT ADDED ENTRY--TOPICAL TERM
Topical term or geographic name as entry element Housing policy
Geographic subdivision United States.
650 #0 - SUBJECT ADDED ENTRY--TOPICAL TERM
Topical term or geographic name as entry element Housing subsidies
Geographic subdivision United States.
700 1# - ADDED ENTRY--PERSONAL NAME
Personal name Friedman, Joseph,
Dates associated with a name 1944-
700 1# - ADDED ENTRY--PERSONAL NAME
Personal name Weinberg, Daniel H.
856 42 - ELECTRONIC LOCATION AND ACCESS
Materials specified Publisher description
Uniform Resource Identifier http://www.loc.gov/catdir/enhancements/fy0660/83003062-d.html
942 ## - ADDED ENTRY ELEMENTS (KOHA)
Source of classification or shelving scheme Dewey Decimal Classification
Koha item type Books
Holdings
Source of classification or shelving scheme Damaged status Not for loan Home library Current library Shelving location Total Checkouts Full call number Barcode Date last seen Copy number Koha item type
Dewey Decimal Classification     JCC Rouf Library JCC Rouf Library General Stacks   307.7/6 GRE 1983 10551 02/19/2018 C - 1 Books

JCC Library | Contacts | JCC Home

Last Update on 23 September 2017
Copyright @ 2017-2020 JCC Rouf Library
Rouf Library, Jhenidah Cadet College (JCC), Bangladesh